Most Guessed Missing Countries - Statistics

General Stats
  • This quiz has been taken 37 times
  • The average score is 8 of 14
Answers on the Map
Answers color-coded by a green-red scale on the quiz's map according to % correct below.
 
Answer Stats
Answer % Correct
Russia
100%
United States
97%
France
93%
Mexico
93%
Germany
83%
Argentina
66%
Egypt
66%
Colombia
59%
Chile
52%
Bolivia
45%
Libya
38%
Romania
31%
Mauritania
10%
Nicaragua
3%
No matching quizzes found
Score Distribution
Percent of People with Each Score
Percentile by Number Answered
Your Score History
You have not taken this quiz